| 000 | 00649cac a2200217 a 4500 | ||
|---|---|---|---|
| 003 | CO-PeBPM | ||
| 005 | 20250529114945.0 | ||
| 008 | 231129e1987||||xx |||||||||||||| ||spa|| | ||
| 020 | _a842062490X | ||
| 040 |
_aCO-PeBPM _bspa _cCO-PeBPM _erda |
||
| 041 | _aspa | ||
| 082 | _a301 P228e | ||
| 100 |
_aPareto, Vilfredo _eautor |
||
| 245 | 1 | 0 |
_aEscritos sociológicos _c/ Vilfredo Pareto |
| 260 |
_aMadrid _bAlianza Editorial S.A _c1987 |
||
| 300 |
_a395 Páginas _c; 20 centímetros |
||
| 500 | _aIncluye Índice | ||
| 650 |
_aSociología _2LEMB |
||
| 700 |
_aMaría Luz Morán _eTraductora |
||
| 942 |
_2ddc _cBK |
||
| 999 |
_c13365 _d13365 |
||